Russian Verb Aspect Practice - A1 (НСВ to СВ) - Statistics

General Stats
  • This quiz has been taken 42 times
  • The average score is 11 of 20
Answer Stats
Meaning Imperfective Perfective % Correct
to say говорить сказать
83%
to do / make делать сделать
74%
to be able мочь смочь
70%
to think думать подумать
70%
to give давать дать
70%
to watch смотреть посмотреть
70%
to know знать узнать
65%
to see видеть увидеть
65%
to ask спрашивать спросить
61%
to write писать написать
61%
to decide / solve решать решить
57%
to go идти пойти
52%
to want хотеть захотеть
52%
to begin начинать начать
52%
to become становиться стать
48%
to live жить пожить
48%
to like / love любить полюбить
48%
to learn учить выучить
35%
to sit сидеть посидеть
30%
to go out выходить выйти
30%
No matching quizzes found
Score Distribution
Percent of People with Each Score
Percentile by Number Answered
Your Score History
You have not taken this quiz